000 00781nam a22002897a 4500
003 CHAP
005 20220329134636.0
008 971013s r 00010 d
010 _a23481
011 _a24453
035 _a28552
040 _cCHAP
090 _aFolleto 616
100 0 0 _aBrauer Herrera, Oscar.
_915091
245 _aNotes on cytology
260 _a(s.p.i.)
300 _a164 h.
500 _aEd. mecanográfica
590 _aBATCH-UPD
_b10
_c20130110
_lUCH01
_h1847
590 _aBATCH-UPD
_b10
_c20130410
_lUCH01
_h1217
590 _aBATCH-UPD
_b10
_c20130914
_lUCH01
_h0942
590 _aCONVERSION
_b10
_c20130109
_lUCH01
_h1314
650 1 4 _aCitología.
_923489
901 _aBK
942 _cFOLL
949 _aFolleto 616
_bBC
_cFOLL
_d-65817
_eTS1
_i28552
_si
999 _c23481
_d23481